000 00266nam a22000977a 4500
008 230607b |||||||| |||| 00| 0 eng d
020 _a9789386041920
100 _aStilton Geronimo
_97367
245 _aCavemice (Sea Monster Surprise)
260 _aIndia
_bRepro India
_c2017
999 _c12309
_d12309